Statistics for Monarchies in the Americas

Click here to take the quiz!

General Stats

  • This quiz has been taken 30 times
  • The average score is 11 of 19

Answer Stats

Type of monarchyAnswer% Correct
Commonwealth RealmSaint Kitts and Nevis
92%
Commonwealth RealmSaint Lucia
92%
Commonwealth RealmSaint Vincent and the Grenadines
92%
Commonwealth RealmAntigua and Barbuda
88%
Commonwealth RealmBelize
88%
Commonwealth RealmBahamas
84%
Commonwealth RealmBarbados
84%
Commonwealth RealmGrenada
84%
Commonwealth RealmJamaica
80%
Commonwealth RealmCanada
76%
Endemic monarchiesBrazil
60%
Endemic monarchiesHaiti
56%
Endemic monarchiesMexico
56%
Endemic monarchiesAztec
20%
Endemic monarchiesInca
20%
Endemic monarchiesMaya
16%
Endemic monarchiesAraucania and Patagonia
12%
Endemic monarchiesMiskito
12%
Endemic monarchiesTaino
12%

Score Distribution

Percentile by Number Answered

Percent of People with Each Score

Your Score History

You have not taken this quiz